| 000 | 00882nam a2200217Ia 4500 | ||
|---|---|---|---|
| 003 | GCL | ||
| 008 | 140319s9999 xx 000 0 ara d | ||
| 020 | _a0878619977 | ||
| 040 |
_aGCL / _cGCL |
||
| 082 | 0 | 4 |
_a382.92 _bع ج |
| 100 | 1 | _aعاطف السيد | |
| 245 | 1 | 0 |
_aالجات والعالم الثالث : _bدراسة تقويمية للجات واستراتيجية المواجهة / _cعاطف السيد |
| 260 |
_aالقاهرة : _bمطبعة رمضان واولاده ، _c1999 |
||
| 300 |
_a259 ص ؛ _c24 سم |
||
| 650 | 0 | 4 | _aاقتصاديات |
| 650 | 0 | 4 | _aالصناعة - اقتصاديات |
| 650 | 0 | 4 | _aالتجارة الدولية - التجارة الخارجية |
| 650 | 0 | 4 | _aالاقتصاد الكلى - التنمية الاقتصادية |
| 650 | 0 | 4 | _aالتجارة الخارجية - الاتفاقيات التجارية |
| 942 |
_2ddc _cBK |
||
| 999 |
_c6112 _d6112 |
||